• 首页
  • 本馆介绍
  • 公告通知
  • 最新文献
  • 馆藏检索
  • 电子资源
  • 读者导购
  • 参考咨询
  • 我的图书馆
  • 登录
  • 详细信息显示
  • 放入我的书架
  • 预约/预借图书
  • 作者相关作品
  • 分类相关作品
  • 丛书相关作品
  • 出版社相关作品

书目信息

  • 表格格式
  • 工作单格式
  • 卡片格式
题名:
国家战略:“一带一路”政策与投资
    
 
作者: 于立新 , 王寿群 , 陶永欣 主编
分册:  
出版信息: 杭州   浙江大学出版社  2016
页数: 19,311页
开本: 23cm
丛书名:
单 册:
中图分类: F125.5
科图分类:
主题词: 区域经济合作--qu yu jing ji he zuo--国际合作--研究--中国
电子资源:
ISBN: 978-7-308-15608-0
000 01493nam0 22002771 450
001 1731240385
005 20170602161215.0
010    @a978-7-308-15608-0@dCNY68.00
100    @a20160808d2016 em y0chiy50 ea
101 0  @achi@eeng
102    @aCN@b330000
105    @aa z 000yy
106    @ar
200 1  @a国家战略:“一带一路”政策与投资@Aguo jia zhan lue yi dai yi lu zheng ce yu tou zi@dNational strategy:policy and investment of "belt and road" initiative@e沿线若干国家案例分析@ecase analysis of several countries along the routes@f于立新,王寿群,陶永欣主编@zeng
210    @a杭州@c浙江大学出版社@d2016
215    @a19,311页@c照片,图@d23cm
330    @a本书首先对“一带一路”国家战略政策进行系统的解读,让读者对“一带一路”战略进行全面而深入的了解。其次,以投资对象国家基本国情为基础,分析有代表性的投资案例,介绍投资对象国家的投资环境及风险提示。最后,根据对代表性投资案例的分析结果,提炼出中国企业在实施“一带一路”战略中应注意的主要问题。
510 1  @aNational strategy:policy and investment of "belt and road" initiative@ecase analysis of several countries along the routes@zeng
517 1  @a沿线若干国家案例分析@Ayan xian ruo gan guo jia an li fen xi
606 0  @a区域经济合作@Aqu yu jing ji he zuo@x国际合作@x研究@y中国
690    @aF125.5@v5
701  0 @a于立新@Ayu li xin@c(经济)@4主编
701  0 @a王寿群@Awang shou qun@c(女)@4主编
701  0 @a陶永欣@Atao yong xin@f(1972~)@4主编
801  0 @aCN@bTANG WEI@c20170527
905    @b0970653-7@dF125.5@e295@f5
    
    国家战略:“一带一路”政策与投资=National strategy:policy and investment of "belt and road" initiative:沿线若干国家案例分析:case analysis of several countries along the routes/于立新,王寿群,陶永欣主编.-杭州:浙江大学出版社,2016
    19,311页:照片,图;23cm
    
    
    ISBN 978-7-308-15608-0:CNY68.00
    本书首先对“一带一路”国家战略政策进行系统的解读,让读者对“一带一路”战略进行全面而深入的了解。其次,以投资对象国家基本国情为基础,分析有代表性的投资案例,介绍投资对象国家的投资环境及风险提示。最后,根据对代表性投资案例的分析结果,提炼出中国企业在实施“一带一路”战略中应注意的主要问题。
●
相关链接 在E读中查询图书 在五车中查询图书 在当当中查询图书 在豆瓣中查询图书


正题名:国家战略:"一带一路"政策与投资     索取号:F125.5/295         预约/预借

序号 登录号 条形码 馆藏地/架位号 状态 备注
1 0970653   209706530   第一样本阅览室/ [索取号:F125.5/295] 在馆    
2 0970654   209706549   第一借阅区/ [索取号:F125.5/295] 在馆    
3 0970655   209706558   第一借阅区/ [索取号:F125.5/295] 在馆    
4 0970656   209706567   经管系资料室/ [索取号:F125.5/295] 在馆    
5 0970657   209706576   第一借阅区/ [索取号:F125.5/295] 在馆    
欢迎您!
大连网信软件有限公司© 版权所有